00346 a2200145 450000100060000002000170000604000240002310000220004724000390006924500340010830000060014236200090014844000120015765000310016946050 a85-16-035751 cAnchieta - Aquarius aGribel, Chistiane10aCom a pulga atrás da orelhalpor10aCom a pulga atrás da orelha a 0 a2011 1aModerna 4aLiteratura infanto-juvenil